Normal view
MARC view
- Er. Vishnu B (Guide)
Entry Personal Name
001 - CONTROL NUMBER
- control field: 3355
003 - CONTROL NUMBER IDENTIFIER
- control field: OSt
005 - DATE AND TIME OF LATEST TRANSACTION
- control field: 20180926103832.0
008 - FIXED-LENGTH DATA ELEMENTS
- fixed length control field: 180926|| aca||aabn | a|a d
040 ## - CATALOGING SOURCE
- Original cataloging agency: OSt
- Transcribing agency: OSt
100 ## - HEADING--PERSONAL NAME
- Personal name: Er. Vishnu B (Guide)
670 ## - SOURCE DATA FOUND
- Source citation: Work cat.: (OSt)15208: JACOB BIJO DANIEL 3354, Performance evaluation of micro - irrigation devices
